[Event "Lima GP IRT op"]
[Site "Lima"]
[Date "2013.??.??"]
[Round "6"]
[White "Llacsahuanga, Diego"]
[Black "Guerra, Jose1111"]
[Result "1-0"]
[WhiteElo "2064"]
[BlackElo "1830"]
[PlyCount "95"]
[EventDate "2013.08.21"]
[EventType "swiss"]
[EventRounds "9"]
[EventCountry "PER"]
[SourceTitle "CBM 156 Extra"]
[Source "ChessBase"]
[SourceDate "2013.10.22"]
[SourceVersion "1"]
[SourceVersionDate "2013.10.22"]
[SourceQuality "1"]

1. Nf3 Nf6 2. g3 b6 3. Bg2 Bb7 4. c4 e6 5. 0-0 Be7 6. Nc3 0-0 7. Re1 d5 8. cxd5 exd5 9. d4 Nbd7 10. Bf4 a6 11. Ne5 Bb4 12. Bg5 h6 13. Nxd7 hxg5 14. Nxf8 Qxf8 15. Rc1 Qe7 16. Qb3 Rd8 17. e3 g6 18. Re2 Kg7 19. Rec2 Bd6 20. Na4 Bc8 21. Nxb6 Bf5 22. Nxd5 Nxd5 23. Bxd5 Bxc2 24. Rxc2 g4 25. e4 Bb4 26. Qc4 c6 27. Qxc6 a5 28. Qc7 Rd7 29. Qe5+ f6 30. Qxe7+ Rxe7 31. a3 Bd6 32. Rc6 Bc7 33. Be6 Bb8 34. Kf1 a4 35. Ke2 Rb7 36. Rc2 Re7 37. d5 f5 38. exf5 gxf5 39. f3 gxf3+ 40. Kxf3 Kf6 41. Rc6 Ke5 42. Rb6 Bd6 43. h4 Rc7 44. Ra6 Rc2 45. Rxa4 Rxb2 46. Rf4 Rb3+ 47. Kg2 Rxa3 48. Rxf5+ 1-0

[Event "Lima GP IRT op"]
[Site "Lima"]
[Date "2013.??.??"]
[Round "9"]
[White "Llacsahuanga, Diego"]
[Black "Padilla, Hugo"]
[Result "1/2-1/2"]
[WhiteElo "2064"]
[BlackElo "2223"]
[PlyCount "76"]
[EventDate "2013.08.21"]
[EventType "swiss"]
[EventRounds "9"]
[EventCountry "PER"]
[SourceTitle "CBM 156 Extra"]
[Source "ChessBase"]
[SourceDate "2013.10.22"]
[SourceVersion "1"]
[SourceVersionDate "2013.10.22"]
[SourceQuality "1"]

1. Nf3 d5 2. d4 e6 3. e3 c6 4. c4 f5 5. Bd3 Bd6 6. 0-0 Nf6 7. b3 Qe7 8. Bb2 0-0 9. Qc1 b6 10. Ba3 c5 11. cxd5 exd5 12. Nc3 Ba6 13. Rd1 Bxd3 14. Rxd3 cxd4 15. Bxd6 Qxd6 16. Nb5 Qd7 17. Nbxd4 Na6 18. Qc6 Rac8 19. Qxd7 Nxd7 20. Ne6 Ndc5 21. Nxc5 Rxc5 22. Rd4 Nc7 23. Rad1 Kf7 24. Ne5+ Ke6 25. Nd3 Rc2 26. Nf4+ Kf6 27. Nxd5+ Nxd5 28. Rxd5 Rxa2 29. Rd6+ Kg5 30. g3 Rf7 31. R1d4 g6 32. Rh4 h5 33. Rc4 Ra5 34. Rc8 Kh6 35. Rg8 Rg7 36. Rh8+ Rh7 37. Re8 Rg7 38. Rh8+ Rh7 1/2-1/2

[Event "Lima IRT"]
[Site "Lima"]
[Date "2013.??.??"]
[Round "10"]
[White "Llacsahuanga, Diego"]
[Black "Tacuche, Fernando"]
[Result "1/2-1/2"]
[WhiteElo "2063"]
[BlackElo "1971"]
[PlyCount "80"]
[EventDate "2013.10.13"]
[EventType "tourn"]
[EventRounds "11"]
[EventCountry "PER"]
[SourceTitle "EXT 2014"]
[Source "ChessBase"]
[SourceDate "2013.11.20"]
[SourceVersion "1"]
[SourceVersionDate "2013.11.20"]
[SourceQuality "1"]

1. Nf3 d5 2. c4 e6 3. g3 Be7 4. Bg2 Nf6 5. 0-0 0-0 6. d4 dxc4 7. Qa4 a6 8. Qxc4 b5 9. Qc2 Bb7 10. Bd2 Nc6 11. e3 Nd5 12. a3 Rc8 13. Nc3 Nb8 14. b4 Nd7 15. Ne4 h6 16. Nc5 Nxc5 17. bxc5 Bc6 18. Ne5 Be8 19. e4 Nf6 20. Be3 c6 21. a4 Nd7 22. Nd3 Nb8 23. axb5 cxb5 24. Qc3 Bc6 25. Qa5 Qxa5 26. Rxa5 Rfd8 27. Nb4 Bb7 28. e5 Bxg2 29. Kxg2 Rd7 30. Rfa1 Bd8 31. Rxa6 Nxa6 32. Rxa6 Rb7 33. c6 Rbb8 34. d5 exd5 35. Nxd5 Ra8 36. Rxa8 Rxa8 37. c7 Bxc7 38. Nxc7 Ra4 39. Nxb5 Ra5 40. Nd4 Rxe5 1/2-1/2

[Event "Lima IRT"]
[Site "Lima"]
[Date "2013.??.??"]
[Round "6"]
[White "Pena Morales, Hugo"]
[Black "Llacsahuanga, Diego"]
[Result "0-1"]
[WhiteElo "2136"]
[BlackElo "2063"]
[PlyCount "73"]
[EventDate "2013.10.13"]
[EventType "tourn"]
[EventRounds "11"]
[EventCountry "PER"]
[SourceTitle "EXT 2014"]
[Source "ChessBase"]
[SourceDate "2013.11.20"]
[SourceVersion "1"]
[SourceVersionDate "2013.11.20"]
[SourceQuality "1"]

1. e4 c5 2. Nc3 d6 3. f4 g6 4. Bc4 Bg7 5. Nf3 Nc6 6. d3 Nf6 7. 0-0 0-0 8. Qe1 Nd4 9. Nxd4 cxd4 10. Ne2 d5 11. exd5 Nxd5 12. Ng3 b5 13. Bb3 Ne3 14. Rf2 a5 15. a3 a4 16. Ba2 Qb6 17. h3 Bb7 18. Bxe3 dxe3 19. Re2 Bxb2 20. Rb1 Qd4 21. Rxe3 Rac8 22. c4 Bxa3 23. Kh1 b4 24. Qf2 b3 25. Bxb3 axb3 26. Nf5 Qf6 27. Nh6+ Kg7 28. Ng4 Qb6 29. d4 Qxd4 30. Rbxb3 Bc5 31. Rxb7 h5 32. Rexe7 Qxf2 33. Nxf2 Bxf2 34. f5 Rxc4 35. Rb1 gxf5 36. Rf1 Bh4 37. Re5 0-1

[Event "Lima GP IRT op"]
[Site "Lima"]
[Date "2013.??.??"]
[Round "8"]
[White "Quinones, Cesar Luis"]
[Black "Llacsahuanga, Diego"]
[Result "1/2-1/2"]
[WhiteElo "2267"]
[BlackElo "2064"]
[PlyCount "154"]
[EventDate "2013.08.21"]
[EventType "swiss"]
[EventRounds "9"]
[EventCountry "PER"]
[SourceTitle "CBM 156 Extra"]
[Source "ChessBase"]
[SourceDate "2013.10.22"]
[SourceVersion "1"]
[SourceVersionDate "2013.10.22"]
[SourceQuality "1"]

1. Nf3 Nf6 2. d4 e6 3. g3 d5 4. Bg2 Be7 5. c4 0-0 6. 0-0 dxc4 7. Qc2 a6 8. Qxc4 b5 9. Qc2 Bb7 10. Bd2 Be4 11. Qc1 Nbd7 12. Ba5 Ra7 13. Nbd2 Bd5 14. Qc2 Qa8 15. b4 Ne4 16. Rfc1 Nxd2 17. Qxd2 Nb6 18. Qf4 Bd6 19. Qh4 h6 20. g4 Bf4 21. Rc3 Na4 22. Rd3 Nb2 23. Rc3 Na4 24. Ra3 Qc6 25. g5 Nc3 26. Bf1 hxg5 27. Nxg5 Bxg5 28. Qxg5 Ne4 29. Qh4 f5 30. Rh3 Qe8 31. f3 Qg6+ 32. Bg2 Nc3 33. Qe1 Nxa2 34. Qd2 Qf6 35. Rxa2 Bxa2 36. Qxa2 Qxd4+ 37. Kf1 Qd1+ 38. Kf2 Qd4+ 39. e3 Qc4 40. Qb2 Raa8 41. Bf1 Qc6 42. Rg3 Rf7 43. Qd4 Qd6 44. Qxd6 cxd6 45. Be2 Rc8 46. Rg1 Rc2 47. Rd1 d5 48. Ke1 Rf6 49. Rd2 Rc1+ 50. Rd1 Rc2 51. Rd2 Rc1+ 52. Rd1 Rxd1+ 53. Kxd1 Rh6 54. Bc7 Rh4 55. Bd6 Kf7 56. Kd2 Ke8 57. Kc3 Kd7 58. Bg3 Rh8 59. Be5 Rh7 60. Bd3 g6 61. Kd4 Kc6 62. e4 dxe4 63. fxe4 Rd7+ 64. Ke3 Rh7 65. Bg3 Rd7 66. h4 Kb6 67. Bc2 a5 68. bxa5+ Kxa5 69. Bb3 fxe4 70. Kxe4 Kb4 71. Bxe6 Rd1 72. Ke5 Rg1 73. Bf4 Ka3 74. Kf6 b4 75. Bd6 Ka4 76. Bd7+ Kb3 77. Be8 Ra1 1/2-1/2

[Event "Lima GP IRT op"]
[Site "Lima"]
[Date "2013.??.??"]
[Round "5"]
[White "Rodriguez, Percy"]
[Black "Llacsahuanga, Diego"]
[Result "0-1"]
[WhiteElo "1795"]
[BlackElo "2064"]
[PlyCount "20"]
[EventDate "2013.08.21"]
[EventType "swiss"]
[EventRounds "9"]
[EventCountry "PER"]
[SourceTitle "CBM 156 Extra"]
[Source "ChessBase"]
[SourceDate "2013.10.22"]
[SourceVersion "1"]
[SourceVersionDate "2013.10.22"]
[SourceQuality "1"]

1. d4 f5 2. c4 Nf6 3. Nc3 g6 4. Nf3 Bg7 5. g3 d6 6. Bg2 0-0 7. 0-0 Na6 8. a3 c5 9. d5 Nc7 10. Nd2 Rb8 0-1

[Event "Piura op"]
[Site "Piura"]
[Date "2013.??.??"]
[Round "3"]
[White "Romero Dongo, Antonella"]
[Black "Llacsahuanga, Diego"]
[Result "0-1"]
[WhiteElo "1491"]
[BlackElo "2064"]
[PlyCount "80"]
[EventDate "2013.08.12"]
[EventType "swiss"]
[EventRounds "8"]
[EventCountry "PER"]
[SourceTitle "CBM 155 Extra"]
[Source "ChessBase"]
[SourceDate "2013.08.26"]
[SourceVersion "1"]
[SourceVersionDate "2013.08.26"]
[SourceQuality "1"]

1. d4 f5 2. Nf3 Nf6 3. e3 g6 4. Bd3 Bg7 5. Nc3 0-0 6. e4 fxe4 7. Nxe4 d6 8. Ng3 Bg4 9. h3 Bxf3 10. Qxf3 Nc6 11. c3 e5 12. dxe5 Nxe5 13. Qd1 Nxd3+ 14. Qxd3 Qe7+ 15. Ne2 Rae8 16. Be3 c6 17. Rd1 Nd5 18. Bc1 Bxc3+ 19. bxc3 Nxc3 20. Rd2 Ne4 21. Rb2 Nxf2 22. Qb3+ d5 23. Rf1 Qh4 24. g3 Qxh3 25. Bf4 Rxf4 26. gxf4 Nd3+ 27. Kd2 Qe3+ 28. Kd1 Nxb2+ 29. Qxb2 b5 30. Nc1 Qh3 31. Qf2 Re3 32. Kd2 Ra3 33. Qd4 Qxf1 34. Qc5 Qxf4+ 35. Kd1 Qf3+ 36. Kc2 Ra4 37. Kb2 Qg2+ 38. Ka1 Rc4 39. Qa3 Qc2 40. Qb2 Qxc1+ 0-1

[Event "Lima Magdalena CC op 7th"]
[Site "Lima"]
[Date "2012.02.05"]
[Round "4"]
[White "Llacsahuanga, Diego"]
[Black "Requejo, Oswaldo"]
[Result "0-1"]
[WhiteElo "2078"]
[BlackElo "2247"]
[PlyCount "37"]
[EventDate "2012.02.03"]
[EventType "swiss"]
[EventRounds "7"]
[EventCountry "PER"]
[SourceTitle "EXT 2013"]
[Source "ChessBase"]
[SourceDate "2012.11.22"]
[SourceVersion "1"]
[SourceVersionDate "2012.11.22"]
[SourceQuality "1"]

1. c4 Nf6 2. d4 e6 3. Nf3 b6 4. Nc3 Bb4 5. Qb3 c5 6. a3 Ba5 7. Bg5 h6 8. Bh4 g5 9. Bg3 g4 10. Nd2 cxd4 11. Nb5 Ne4 12. Nc7+ Kf8 13. 0-0-0 Bxd2+ 14. Rxd2 Nxd2 15. Qb4+ Kg7 16. Qxd2 Nc6 17. Nxa8 e5 18. e3 f6 19. Bd3 0-1

[Event "South America-ch U20 5th"]
[Site "Cochabamba"]
[Date "2009.04.13"]
[Round "9"]
[White "Llacsahuanga, Diego"]
[Black "Carlo, Daniel"]
[Result "1-0"]
[WhiteElo "1830"]
[BlackElo "2116"]
[PlyCount "85"]
[EventDate "2009.04.08"]
[EventType "swiss"]
[EventRounds "9"]
[EventCountry "BOL"]
[SourceTitle "CBM 129 Extra"]
[Source "ChessBase"]
[SourceDate "2009.05.05"]
[SourceVersion "2"]
[SourceVersionDate "2009.05.20"]
[SourceQuality "1"]

1. Nf3 c5 2. c4 e6 3. g3 d5 4. cxd5 exd5 5. Bg2 Nf6 6. d4 Nc6 7. 0-0 Bf5 8. Nc3 Be7 9. Bg5 c4 10. Ne5 Be6 11. Nxc4 dxc4 12. Bxf6 Bxf6 13. d5 Qb6 14. dxe6 fxe6 15. Qd6 Kf7 16. Qd7+ Ne7 17. Rab1 Rab8 18. Qa4 Rbc8 19. Rfd1 Rhd8 20. Rxd8 Rxd8 21. Qxc4 Rd2 22. Na4 Qa5 23. Nc5 Nd5 24. Bh3 Rd4 25. Qc1 Qb5 26. Bxe6+ Ke7 27. Bxd5 Rxd5 28. Nd3 Qa5 29. Qe3+ Kf7 30. a3 Rd7 31. Nc5 Re7 32. Qb3+ Kf8 33. Ne6+ Ke8 34. Rd1 Rd7 35. Rxd7 Kxd7 36. Nxg7 Bxg7 37. Qf7+ Kd8 38. Qxg7 Qe1+ 39. Kg2 Qxe2 40. Qh8+ Kc7 41. Qxh7+ Kc8 42. Qh8+ Kc7 43. Qc3+ 1-0